Reconocimiento o redistribución?: Un debate entre marxismo y feminismo
Guardat en:
| Autor principal: | |
|---|---|
| Altres autors: | |
| Format: | Llibre |
| Idioma: | espanyol |
| Publicat: |
Madrid, España:
Traficantes de Sueños,
2016
|
| Col·lecció: | New Left Review Documentos, 03
|
| Matèries: | |
| Etiquetes: |
Afegir etiqueta
Sense etiquetes, Sigues el primer a etiquetar aquest registre!
|
MARC
| LEADER | 00000cam a2200000 a 4500 | ||
|---|---|---|---|
| 001 | UCC5356 | ||
| 003 | CL-VaPUC | ||
| 005 | 20240125113216.0 | ||
| 008 | 181005e20160000sp |||||||||||||||||spa|d | ||
| 999 | |c 372609 |d 372607 | ||
| 020 | |a 978-84-947196-2-2 | ||
| 040 | |c Pontificia Universidad Católica de Valparaíso | ||
| 082 | 0 | 4 | |a 305.4 BUT 2016 |2 21 |
| 100 | 0 | |a Butler, Judith |e autora |9 599689 | |
| 245 | 1 | 0 | |a Reconocimiento o redistribución?: Un debate entre marxismo y feminismo |
| 260 | |a Madrid, España: |b Traficantes de Sueños, |c 2016 | ||
| 300 | |a 107 páginas | ||
| 490 | 0 | |a New Left Review Documentos, 03 | |
| 500 | |a c.3 Donación Profesor Bryan Greeen. Memo 08/2022. 18/04/2022 | ||
| 583 | |a last modification |c 20181108 12:21:10 |k Rodrigo Vera | ||
| 650 | 0 | |a Mujeres |9 257649 | |
| 650 | 0 | |a Marxismo |2 CL-VaPUC |9 256037 | |
| 650 | 0 | |a Feminismo |9 259085 | |
| 650 | 0 | |a Antropología cultural y social |9 265143 | |
| 700 | 0 | |a Fraser, Nancy |e autora |9 599690 | |
| 942 | |c BK |2 ddc | ||
| 945 | |d 20181005 11:02:00 |a dcastane | ||
| 952 | |0 0 |1 0 |3 erb |4 0 |6 305_400000000000000_BUT_2016 |7 0 |8 A |9 490298 |a BIBART |b BIBART |i 5504570 |l 2 |m 2 |o 305.4 BUT 2016 |p 5504570 |r 2025-03-13 |s 2024-11-19 |w 2019-11-24 |y BK |z Catalogado en:20181005 |k ART | ||
| 952 | |0 0 |1 0 |3 erb |4 0 |6 305_400000000000000_BUT_2016 |7 0 |8 A |9 490299 |a BIBCUR |b BIBCUR |i 5511879 |l 3 |o 305.4 BUT 2016 |p 5511879 |r 2025-04-22 |s 2023-11-17 |w 2019-11-24 |y BK |z Catalogado en:20181109 |k PER | ||
| 952 | |0 0 |1 0 |2 ddc |4 0 |6 305_400000000000000_BUT_2016 |7 0 |8 A |9 583314 |a FDOPOS |b BIBEDU |c GEN |d 2022-05-30 |e Donación |i 5651461 |l 1 |o 305.4 BUT 2016 |p 5651461 |r 2023-08-09 |s 2022-06-07 |t 3 |w 2022-05-30 |y BK |k MEL | ||